MARC

LEADER 00000nam0a2200000 4500
001 301644
005 20231102001424.0
035 |a (RuTPU)RU\TPU\book\326820 
090 |a 301644 
100 |a 20150811d1952 km y0rusy50 ca 
101 0 |a rus 
102 |a RU 
105 |a a z 000zb 
200 1 |a Василий Иванович Клементьев - ученик и лаборант М. В. Ломоносова  |f Н. М. Раскин  |g Академия наук СССР (АН СССР) 
210 |a Москва  |a Ленинград  |c Изд-во АН СССР  |d 1952 
215 |a 60 с.  |c ил. 
600 1 |a Клементьев  |b В. И.  |c химик  |c ученик и помощник М. В. Ломоносова  |f 1731(?)-1759  |g Василий Иванович  |2 stltpush  |3 (RuTPU)RU\TPU\pers\23758  |9 10439 
606 1 |a Химики  |x Персоналии  |2 stltpush  |3 (RuTPU)RU\TPU\subj\69968  |9 84576 
610 1 |a химия 
610 1 |a химическая наука 
610 1 |a история 
610 1 |a Россия 
610 1 |a 18 век 
610 1 |a биографии 
675 |a 54(092)  |v 4 
700 1 |a Раскин  |b Н. М.  |g Наум Михайлович 
712 0 2 |a Академия наук СССР (АН СССР)  |2 stltpush  |3 (RuTPU)RU\TPU\col\722 
801 1 |a RU  |b 63413507  |c 20150811 
801 2 |a RU  |b 63413507  |c 20221213  |g RCR 
942 |c BK